Most Difficult Languages For a Native English Speaker - Statistics

General Stats
  • This quiz has been taken 159 times
  • The average score is 33 of 45
Answer Stats
Continent Language % Correct
Asia Mandarin
95%
Asia Japanese
93%
Europe Russian
93%
Asia Arabic
90%
Asia Cantonese
89%
Europe Finnish
85%
Europe Greek
85%
Asia Hindi
85%
Asia Korean
85%
Europe Hungarian
84%
Europe Polish
83%
Europe Serbian
82%
Asia Thai
81%
Asia Turkish
80%
Europe Bulgarian
79%
Europe Ukrainian
79%
Europe Croatian
75%
Europe Czech
75%
Europe Estonian
75%
Asia Persian
75%
Asia Vietnamese
75%
Europe Latvian
74%
Europe Slovak
74%
Europe Albanian
73%
Europe Lithuanian
73%
Europe Icelandic
71%
Europe Slovenian
71%
Asia Bengali
68%
Asia Urdu
68%
Europe Bosnian
67%
Asia Khmer
66%
Asia Armenian
65%
Asia Uzbek
65%
Asia Hebrew
64%
Asia Lao
62%
Asia Tagalog
62%
Asia Azerbaijani
61%
Asia Mongolian
61%
Asia Georgian
59%
Europe Macedonian
58%
Asia Burmese
56%
Asia Nepali
55%
Asia Pashto
54%
Africa Amharic
49%
Asia Sinhala
30%
No matching quizzes found
Score Distribution
Percent of People with Each Score
Percentile by Number Answered
Your Score History
You have not taken this quiz